000 00846nam a2200265Ia 4500
003 OSt
005 20220928124612.0
006 a|||||r|||| 00| 0
007 ta
008 220927b |||||||| |||| 00| 0 eng d
020 _cINR 995.00
024 _a137519
037 _b320, 07/03/2018, Classic Book Service
_cTextual
040 _aSDCL
_cSDCL
_beng
041 _2eng
_aeng
082 _aD6,8(B),22:8, Q4
100 _aShwartz Shai Shalev
_9466418
245 0 _aUnderstanding machine learning
_b From theory to algorithms
260 _aDelhi
_bCambridge University Press
_c2014
300 _axvi,397p.
_ccm.
650 _aI I C
700 _a David Shai Ben
_9466419
942 _hD6,8(B),22:8, Q4
_cTEXL
_2CC
999 _c779273
_d779273